| 000 | 00000nam##2200000za#4500 |
| 001 | 9.571942 |
| 003 | CaOODSP |
| 005 | 20210624182955 |
| 007 | cr ||||||||||| |
| 008 | 150406|2001||||xxc|||||o f|0| 0 eng|d |
| 040 | |aCaOODSP|beng |
| 043 | |an-cn--- |
| 086 | 1 |aCH3-2/2001E-PDF |
| 110 | 1 |aCanada. |bCanadian Heritage. |
| 245 | 10|aFrancophone minorities : |h[electronic resource]|bassimilation and community vitality / |c[by] Michael O'Keefe. |
| 250 | |a2nd ed. |
| 260 | |aOttawa - Ontario : |bCanadian Heritage |cc2001. |
| 300 | |a107p.|bfig., graphs, tables |
| 490 | 1 |aNew Canadian perspectives |
| 500 | |a"This publication will attempt to explore the concepts of assimilation and community vitality, as well as the statistical evidence regarding the vitality of the Francophone communities outside Quebec."--Introduction. |
| 500 | |aThe catalogue number (CH3-2/2001) and ISBN (0-662-64786-6) for the bilingual print edition have been incorrectly copied in this electronic publication. |
| 504 | |aBibliography. |
| 520 | 3 |aThis publication will attempt to explore the concepts of assimilation and community vitality, as well as the statistical evidence regarding the vitality of the Francophone communities outside Quebec.--Introduction |
| 590 | |a11-22-Supp|b2011-10-13 |
| 690 | 07|aAcculturation|2gcpds |
| 690 | 07|aFrancophonie|2gcpds |
| 690 | 07|aFrench language|2gcpds |
| 720 | 1 |aO'Keefe, Michael |
| 775 | 08|tMinorités francophones : |w(CaOODSP)9.602361 |
| 776 | 0#|tFrancophone minorities : |w(CaOODSP)9.533622 |
| 776 | 0#|tMinorités francophones : |w(CaOODSP)9.533623 |
| 830 | #0|aNew Canadian perspectives.|w(CaOODSP)9.504868 |
| 856 | 40|ahttp://publications.gc.ca|qPDF|s418 KB|uhttps://publications.gc.ca/collections/collection_2011/pc-ch/CH3-2-2001-eng.pdf |